000 00648nam a2200169Ia 4500
008 180921t2016 xxu||||| |||| 00| 0 sin d
041 _asin
080 _a902
_bHEM
100 _aHemalatha,R.D.Sriyanie
245 _aත්‍රිපිටකයෙහි සඳහන් ආරම්භක වාස්තු විද්‍යාව හා ඒවායේ ශ්‍රී ලාංකේය භාවිතය
246 _aThrepitakayehi Sadahan Arambaka Wasthu Widdiyawa Ha Ewaye Sri Lankeya Bawithaya
260 _bGodage
_aColombo
_c2016
300 _b240p, 23cm
942 _cBK
999 _c2345
_d2345
003 LK-CoDNM
040 _aLK-CoDNM
_dLK-CoDNM
_eLK-CoDNM